00531nam a2200181 a 4500001001300000003000900013005001700022008004100039020002300080082001700103100002300120245006900143260005400212300000900266500003500275650001600310700002300326nice12345678IN_TiNIC20260116014204.0080416s2007 newa grp 000 0 eng  a8174355251 c15000a340.59bISL1 aIslahi, Amin Ahsan aJuristic Differences and How to Resolve Them in an Islamic State aNew Delhi bAdam Publisher and Distributer c2007 a151p aincludes index and biblioraphy aIslamic-Law1 aIslahi, Amin Ahsan